English Football Team Suffixes - Statistics

General Stats
  • This quiz has been taken 262 times
  • The average score is 13 of 21
Answer Stats
Suffix % Correct
United
99%
City
98%
Town
88%
Rovers
84%
Wanderers
81%
Albion
80%
Athletic
72%
Villa
65%
Wednesday
64%
Argyle
62%
Hotspur
62%
County
61%
Rangers
60%
Forest
55%
Palace
55%
Vale
41%
North End
36%
Stanley
34%
Orient
33%
Alexandra
32%
Dons
32%
No matching quizzes found
Score Distribution
Percent of People with Each Score
Percentile by Number Answered
Your Score History
You have not taken this quiz